000 00589nam a22001817a 4500
005 20231106094936.0
008 231106b |||||||| |||| 00| 0 eng d
020 _a0799311375
041 _aEnglish
082 _a346.5 VAN
100 _aVan der Merwe, NJ and Rowland, CJ
_lEnglish
245 _aDie Suid-Afrikaanse Erfreg /
_cNJ Van der Merwe and CJ Rowland
250 _aVyfde Uitgawe
260 _aPretoria :
_bJ.P. Van der Walt en Seun (EDMS.) Bpk,
_c1987
300 _b688 pages ;
_c23,5 cm.
650 _aLegal practice
_bLaw
942 _cBK
_6ALISON_BN_VRIES
999 _c303
_d303